000
00266nam a2200109Ia 4500
001
1268547
005
20260417145252.0
008
260417s9999 xx 000 0 und d
020
_a
9786256910225
245
0
_a
Einstein
_c
Tuğba Hatun Murat
260
_b
Ketebe Çocuk
999
_c
1268547
_d
1268547